000 00554nam a2200193 i 4500
001 49535
003 ES-MaACL
005 20230906162011.0
007 t|
008 030717s1955 sp ||||1| cat d
100 1 _aCosta, Manuel A.
_941067
245 1 0 _aMont Perdut
_b: (poemes del temps i del paisatge) /
_cManuel A. Costa.
260 _aBarcelona :
_b[Arca],
_c1955 (
_fAltés)
300 _a67 p. ;
_c17 cm.
490 1 _aTorrell de Reus
830 0 _aTorrell de Reus
_9182738
852 _aES-MaACL
_j1983-F-18
_bR.37948
999 _c49535
_d49535